| 000 | 00000cam 2200000zi 4500 |
| 001 | 9.960799 |
| 003 | CaOODSP |
| 005 | 20260515111739 |
| 006 | m o d f |
| 007 | cr cn |||||||| |
| 008 | 260310e202604 onca ob f000 0 eng d |
| 020 | |a9780660988979 |
| 040 | |aCaOODSP|beng|erda|cCaOODSP |
| 043 | |an-cn--- |
| 086 | 1 |aFs70-5/2026-028E-PDF |
| 100 | 1 |aBhatnagar, Kamya, |eauthor. |
| 245 | 10|aEnvironmental risk assessment of the GloFish® Cosmic Blue®, Electric Green®, Sunburst Orange®, and Galactic Purple® Sharks (Epalzeorhynchos frenatum) : |btransgenic ornamental fishes / |cKamya Bhatnagar and Colin McGowan. |
| 264 | 1|aOttawa ON : |bCanadian Science Advisory Secretariat, |cApril 2026. |
| 264 | 4|c©2026 |
| 300 | |a1 online resource (vi, 29 pages) : |billustrations. |
| 336 | |atext|btxt|2rdacontent |
| 337 | |acomputer|bc|2rdamedia |
| 338 | |aonline resource|bcr|2rdacarrier |
| 490 | 1 |aResearch document, |x1919-5044 ; |v2026/028 |
| 500 | |aIssued also in French under title: Évaluation des risques pour l’environnement posés par les labéos frenatus (Epalzeorhynchos frenatum) GloFishMD Cosmic BlueMD, Electric GreenMD, Sunburst OrangeMD et Galactic PurpleMD, des poissons d’ornement transgéniques. |
| 504 | |aIncludes bibliographical references (pages 25-29). |
| 650 | 0|aTransgenic fish|xEnvironmental aspects|zCanada. |
| 650 | 0|aTransgenic fish|xRisk assessment|zCanada. |
| 710 | 1 |aCanada. |bDepartment of Fisheries and Oceans. |bNational Capital Region, |eissuing body. |
| 710 | 2 |aCanadian Science Advisory Secretariat, |eissuing body. |
| 775 | 08|tÉvaluation des risques pour l’environnement posés par les labéos frenatus (Epalzeorhynchos frenatum) GloFishMD Cosmic BlueMD, Electric GreenMD, Sunburst OrangeMD et Galactic PurpleMD, des poissons d’ornement transgéniques.|w(CaOODSP)9.960800 |
| 830 | #0|aResearch document (Canadian Science Advisory Secretariat)|v2026/028.|w(CaOODSP)9.507396 |
| 856 | 40|qPDF|s853 KB|uhttps://publications.gc.ca/collections/collection_2026/mpo-dfo/fs70-5/Fs70-5-2026-028-eng.pdf |